000 00957nam a2200301 i 4500
001 000044073
003 DO-SdBNP
005 20240905134626.0
007 ta
008 240717s1996 sp 000 0 spa d
020 _a8420694576
040 _aDO-SdBNP
_bspa
_cBNPHU
_erda
041 _aspa
082 4 _a330.03
_bT153d
_222
100 1 _aTamames, Ramón,
_d1933-
_eautor
_932192
_4aut.
245 1 0 _aDiccionario de economía y finanzas /
_cRamón Tamames, Santiago Gallego.
264 4 _aMadrid :
_bAlianza Editorial,
_c©1996.
300 _a711 páginas ;
_c21 cm.
336 _atexto
_btxt
_2rdacontent
337 _asin mediación
_bn
_2rdamedia
338 _avolumen
_bnc
_2rdacarrier
590 _aInventariado, 2024/DG
650 4 _aEconomía
_xDiccionarios
_986109
650 4 _aFinanzas
_xDiccionarios
_986110
700 1 2 _aGallego, Santiago,
_d1956-
_eautor
_972065
_4aut.
910 _aDG. Validado. Control de Calidad/MAA
942 _2ddc
_cLBS1
999 _c57307
_d57307